000 00641nas a22001937a 4500
003 NALT
005 20210705152142.0
008 170829b th ||||| |||| 00| 0 tha d
022 _a19056192
040 _aNALT
041 0 _atha
245 1 0 _aเพื่อนเดินทาง
260 3 _aกรุงเทพฯ :
_bบริษัท พี เอ็ม พับลิชชิ่ง จำกัด
310 _aรายเดือน
500 _aหยุดผลิตฉบับพิมพ์ตั้งแต่ พ.ศ. 2560
850 _aNALT
942 _cJNR
_2lcc
998 _b37
_d2017-05-24 12:56:40.720
_j755
_k จินตนา เอี่ยมคง
999 _c91983
_d91983